000 00675nem a22002291 4500
001 0000008936
005 20151217161139.0
007 aj cauun
008 080623s xx a 0 eng d
020 _cKES 560
034 0 _aa
040 _aKABU
_cKABU
110 2 _aTourist Maps (Kenya)
_@0000159748
245 1 2 _aA Wall map of East Africa
_h[map] /
_cYourist Maps (K)
255 _aScale 1 : 1,750,000.
260 _aNairobi :
_bYourist Maps (K),
_c1998.
300 _a1 map :
_bcol ;
_c95x71 cm, folded to 26x13 cm.
651 0 _aAfrica, East
_xMaps.
_@0000159749
908 _a080623
950 _@1
999 _c15066
_d15066